000 00775aam a2200277 i 4500
001 768714001
003 CO-MdFUSB
005 20250509090643.0
007 ta
008 250509t1965 sp |||| |||| 00| 0 spa d
040 _cCO-MdFUSB
041 0 _aspa
082 0 4 _223
_a242
_bL8641d
100 1 _aLop, P. Miguel
_eautor
245 1 0 _aEl director de ejercicios
_b: la técnica ignaciana en la dirección de los ejercicios
_c/ Miguel Lop
264 1 _bEdiciones ELER,
_aBarcelona, España :
_c[1965]
264 4 _c©1965
300 _a384 páginas
336 _atexto
_btxt
_2rdacontent
337 _2rdamedia
_asin mediación
_bn
338 _2rdacarrier
_avolumen
_bnc
563 _aRústico
653 _aLiteratura Religiosa
942 _cBK
945 _aJTF-925
999 _c35499
_d35499